| 000 | 00714nam a22001937a 4500 | ||
|---|---|---|---|
| 005 | 20120211124827.0 | ||
| 010 | _a | ||
| 020 |
_c _a8185137064 |
||
| 035 | _aA-776421 | ||
| 037 |
_b _adpl |
||
| 082 | _a181.499 | ||
| 100 |
_aअरविंद _941606 |
||
| 245 | 1 |
_aभारत का पुनर्जन्म / _cअरविंद |
|
| 260 |
_aमैसूर _bमीरा अदिति _c1993 |
||
| 270 |
_a _b _e _k |
||
| 300 |
_a293पृ. _c21सेमी (सजिल्द) |
||
| 942 |
_adpl _cHN _k _2ddc _h181.499 _mअरविं |
||
| 999 |
_c62553 _d62553 |
||